Die 15 größten Städte an der Ostsee, mit Ausnahmen - Statistiken

Allgemein
  • Dieses Quiz wurde 716 mal gespielt
  • Das Durchschnittsergebnis liegt bei 8 aus 16
Antwortstatistiken
Bevölkerung Land Stadt % Korrekt
4 879 566 Russland St. Petersburg
94%
238 047 Deutschland Kiel
91%
202 735 Deutschland Rostock
90%
455 830 Polen Danzig
87%
210 232 Deutschland Lübeck
81%
300 515 Schweden Malmö
73%
431 491 Russland Kaliningrad / Königsberg
60%
407 811 Polen Stettin
55%
178 784 Finnland Turku
42%
248 889 Polen Gdynia
29%
177 823 Litauen Klaipeda
27%
143 988 Finnland Oulu
27%
140 454 Schweden Uppsala
27%
266 791 Finnland Espoo
20%
127 892 Polen Elbing
8%
137,326 Schweden Norrköping
6%
Keine übereinstimmenden Quizze gefunden
Verteilung der Resultate
Anzahl Personen mit jedem Resultat
Perzentil nach korrekt beantworteten Fragen
Ihre Resultats-Entwicklung
Sie haben dieses Quiz noch nicht gespielt